मैं तुम्हे आज़ादी दूंगा / (Record no. 113680)

MARC details
000 -LEADER
fixed length control field 01010nam a22002537a 4500
005 - DATE AND TIME OF LATEST TRANSACTION
control field 20170124102956.0
010 ## - LIBRARY OF CONGRESS CONTROL NUMBER
LC control number A-536306
020 ## - INTERNATIONAL STANDARD BOOK NUMBER
Terms of availability 100.00
035 ## - SYSTEM CONTROL NUMBER
System control number A-536306
037 ## - SOURCE OF ACQUISITION
Source of stock number/acquisition Cen Lib/Ret
040 ## - CATALOGING SOURCE
Original cataloging agency DPL
Language of cataloging HN
082 ## - DEWEY DECIMAL CLASSIFICATION NUMBER
Classification number
Item number सत्यश
100 ## - MAIN ENTRY--PERSONAL NAME
Personal name सत्य, शकुन
9 (RLIN) 53398
245 ## - TITLE STATEMENT
Title मैं तुम्हे आज़ादी दूंगा /
Statement of responsibility, etc सत्य शकुन
246 ## - VARYING FORM OF TITLE
Title proper/short title Main tumhen azadi doonga /
Remainder of title by Satya Shakun
260 ## - PUBLICATION, DISTRIBUTION, ETC. (IMPRINT)
Place of publication, distribution, etc नयी दिल्ली
Name of publisher, distributor, etc एस.के. पब्लिशर्स
Date of publication, distribution, etc 1992
270 ## - ADDRESS
Address ए-47, अमर कालोनी, लाजपत नगर
City नयी दिल्ली
Postal code 110024
300 ## - PHYSICAL DESCRIPTION
Extent 259पृ.
Dimensions 21सेमी (सजिल्द)
650 ## - SUBJECT ADDED ENTRY--TOPICAL TERM
Topical term or geographic name as entry element हिन्दी साहित्य
9 (RLIN) 53399
650 ## - SUBJECT ADDED ENTRY--TOPICAL TERM
Topical term or geographic name as entry element हिन्दी उपन्यास
9 (RLIN) 53400
650 ## - SUBJECT ADDED ENTRY--TOPICAL TERM
Topical term or geographic name as entry element Hindi - literature
9 (RLIN) 53401
650 ## - SUBJECT ADDED ENTRY--TOPICAL TERM
Topical term or geographic name as entry element Hindi novel
9 (RLIN) 53402
942 ## - ADDED ENTRY ELEMENTS (KOHA)
Source of classification or shelving scheme Dewey Decimal Classification
Koha item type Hindi Books
Classification part
Call number suffix सत्यश
Holdings
Withdrawn status Lost status Damaged status Not for loan Home library Current library Date acquired Source of acquisition Cost, normal purchase price Total Checkouts Full call number Barcode Date last seen Date checked out Copy number Cost, replacement price Price effective from Koha item type Public note
Written off       Central Library Central Library 13/08/2015 Cen Lib/Ret 100.00 1 उ सत्यश A-536306 25/01/2019 17/01/2019 1 100.00 13/08/2015 Hindi Books Written off on approval by DLB (By Circulation); dtd 15-06-2023

© Delhi Public Library
Hit Counter
free hit counter